000 00851nas a2200265Ia 4500
001 A10/R164-15401 [r000013705]
003 IT-MiCISF
008 161014c99999999xx |||||||||||| ||und||
040 _aIT-MiCISF
_cIT-MiCISF
041 _aITALIANO
100 _aBertolini Piero
210 _aScuolaviva
222 _aScuolaviva
245 0 _aMiti, aspettative, frustrazioni dei giovani di oggi
250 _a1a ed.
260 _c1994
501 _bCISF - Centro Internazionale Studi Famiglia - Via Giotto, 36 20145 MILANO (non commercial uses only)
_cCopyright 2016
300 _app. 4-17
362 _an. 11-12, dicembre [1994]
500 _a Tema: giovani, amicizia, amore, valori, stile-di-vita, educazione, politica-giovanile
650 _aetà evolutiva
_vdossier
700 _aAA.VV.
942 _cCR
957 _71
999 _a15401
_bSi
_g1
_c228017
_d228017